Pokémon Letter "H" for each type - Statistics

General Stats
  • This quiz has been taken 8 times
  • The average score is 12 of 16
Answer Stats
Type Pokémon % Correct
Fighting Hakamo-O|Hariyama|Hawlucha|Heracross|Hitmonchan|Hitmonlee|Hitmontop
100%
Flying Hawlucha|Ho-oh|Honchkrow|Hoothoot|Hoppip
100%
Dragon Hakamo-o|Haxorus|Hydrapple|Hydreigon
83%
Normal Happiny|Heliolisk|Helioptile|Herdier|Hoothoot
83%
Ghost Haunter|Honedge|Hoopa|Houndstone
83%
Fire Heatmor|Heatran|Ho-Oh|Houndoom|Houndour
83%
Steel Heatran|Honedge
83%
Bug Heracross
83%
Dark Honchkrow|Houndoom|Houndour|Hydreigon
83%
Grass Hoppip|Hydrapple
83%
Psychic Hatenna|Hatterene|Hattrem|Hoopa|Hypno
67%
Fairy Hatterene
67%
Electric Heliolisk|Helioptile
67%
Ground Hippopotas|Hippowdon
67%
Water Horsea|Huntail
50%
Poison Haunter
33%
No matching quizzes found
Score Distribution
Percent of People with Each Score
Percentile by Number Answered
Your Score History
You have not taken this quiz